01824 a2200169 45000010006000000050017000060080041000230030015000640400040000790800031001192450035001502640027001853000019002125051392002310410008016231000023016315433020260407155815.0260407a1972 arg spa dAR-UNSa-BCEJYS aAR-UNSa-BCEJYSbspacAR-UNSa-BCEJYS a330xEconomía en general10aIntroducción a la economía 1aMadrid :bTecnosc1972 a829 p.c23 cm. a1. Lo que estudian las ciencias económicas - 2. Dimensiones de la economía americana - 3. La economía de subsistencia.La economía dirigida - 4. La economía de mercado - 5. El precio de los mercados de productos - 6. El costo y el precio en la libre competencia - 7. El poder del monopolio en los mercados de productos - 8. Mercados de trabajo y determinnación de salarios- 9. Mercados de moneda, interés y beneficio - 10. Competencia, planificación y eficacia económica - 11. La promoción de la competencia - 12. La restricción de la competencia - 13. Los sindicatos y los convenios colectivos - 14. La desigualdad de la renta y la política económica oficial - 15. La economía oficial - 16. La economía internacional - 17. La renta nacional - 18. El nivel de la renta nacional - 19. El análisis de la renta:Derivaciones y aplicaciones - 20. Impuestos, gastos públicos y política fiscal - 21. La oferta de dinero - 22. La influencia de la política monetaria 23. Las fluctuaciones de la renta nacioanal - 24. La política de la estabilidad económica - 25. La naturaleza del desarrollo económico - 26. El desarrollo de la economía norteamericana - 27. La experiencia sovética:¿Una carrera de desarrollo? - 28. Los países pobres - 29. La estrategia del desarrollo económico - 30. El desarrollo económico y el interés norteamericano  aspa1 aReynolds, Lloyd G.